Novela por personagens principais - Statistics

Estatísticas Gerais
  • Esse quiz foi jogado 518 vezes
  • A pontuação média é 9 de 15
Estatísticas das Respostas
Personagens principais Novela % Correto
Carminha, Rita, Tufão Avenida Brasil
96%
Jade, Lucas, Said, Albieri, Khadija O clone
80%
Chayene, Penha, Rosário, Cida Cheias de charme
73%
Catarina, Petrucchio O cravo e a rosa
72%
Ruth, Raquel, Tonho da Lua Mulheres de areia
70%
Ritinha, Zeca, Ruy, Jeyza, Bibi A força do querer
68%
Zé Alfredo, José Pedro, Maria Ísis, Maria Marta Império
67%
Félix, Bruno, Paloma, Valdirene Amor à vida
62%
Helena, Camila, Edu, Íris Laços de família
56%
Eliza, Jonatas, Arthur Totalmente demais
54%
Natasha, Vlad Vamp
53%
Tião, Sol, Creusa, Dinho América
50%
Jesuíno, Açucena, Rei Augusto, Doralice Cordel encantado
49%
Dafne, Gabriel, Bianca, Xico Caras e bocas
37%
Lívia, Conde Felipe, Condessa Vitória Além do tempo
27%
Nenhum quiz correspondente encontrado
Distribuição das Pontuações
Porcentagem de Pessoas com Cada Pontuação
Percentil de Números Respondidos
Sua Pontuação Histórica
Você não jogou esse quiz